Danske julekalendere - Statistics

General Stats
  • This quiz has been taken 101 times
    19 since last reset
  • The average score is 75 of 203
Answer Stats
År Kanal Julekalender % Correct
2006 DR1 Absalons hemmelighed
88%
2010 DR1 Absalons hemmelighed
88%
2015 DR1 Absalons hemmelighed
88%
2009 DR1 Pagten
88%
2013 DR1 Pagten
88%
2014 DR1 Tidsrejsen
88%
2021 DR1 Tidsrejsen
88%
2024 DR1 Tidsrejsen 2
88%
1991 TV 2 The julekalender
82%
1994 TV 2 The julekalender
82%
2001 TV 2 The julekalender
82%
2008 TV 2 The julekalender
82%
2010 TV 2 The julekalender
82%
2011 TV 2 The julekalender
82%
2012 TV 2 The julekalender
82%
2013 TV 2 The julekalender
82%
2017 Charlie The julekalender
82%
2018 Charlie The julekalender
82%
2019 Charlie The julekalender
82%
2020 Charlie The julekalender
82%
2021 Charlie The julekalender
82%
2022 Charlie The julekalender
82%
2023 Charlie The julekalender
82%
2024 Charlie The julekalender
82%
2025 Charlie The julekalender
82%
2017 TV 2 Tinkas juleeventyr
82%
2024 TV 2 Tinkas juleeventyr
82%
2005 TV 2 Jul i Valhal
71%
2012 TV 2 Jul i Valhal
71%
2011 TV 2 Ludvig og Julemanden
71%
2016 TV 2 Ludvig og Julemanden
71%
1984 DR Nissebanden
71%
1992 DR Nissebanden
71%
2001 DR1 Nissebanden
71%
2015 Rasj. Nissebanden
71%
2020 Rasj. Nissebanden
71%
2017 Rasj. Ramajetternes jul
71%
2019 TV 2 Tinka og kongespillet
71%
1973 DR Vinterbyøster
71%
1976 DR Vinterbyøster
71%
2016 DR1 Den anden verden
65%
2003 TV 2 Jesus og Josefine
65%
2009 TV 2 Jesus og Josefine
65%
2025 TV 2 Jesus og Josefine
65%
2015 TV 2 Juleønsket
65%
2020 TV 2 Juleønsket
65%
1986 DR Jul på slottet
65%
1991 DR Jul på slottet
65%
1998 DR1 Jul på slottet
65%
2013 Rasj. Jul på slottet
65%
2013 TV 2 Tvillingerne og Julemanden
65%
2018 TV 2 Tvillingerne og Julemanden
65%
2023 TV 2 Valdes jul - Skovens vogter
65%
2025 TV 2 Valdes jul - Vintermiraklet
65%
1994 TV 2 Alletiders jul
59%
2004 TV 2 Alletiders jul
59%
2016 TV 2 Alletiders jul
59%
2020 TV 2 Alletiders jul
59%
2023 TV 2 Alletiders jul
59%
2017 Ultra Klassens jul
59%
2018 DR1 Theo og den magiske talisman
59%
2025 DR1 Theo og den magiske talisman
59%
1996 DR1 Bamses julerejse
53%
1999 DR1 Bamses julerejse
53%
2005 DR1 Bamses julerejse
53%
2012 Rasj. Bamses julerejse
53%
2020 DR1 Julefeber
53%
1979 DR Jul i Gammelby
53%
1983 DR Jul i Gammelby
53%
1994 DR Jul i Gammelby
53%
2009 Rasj. Jul i Gammelby
53%
1974 DR Jullerup Færgeby
53%
1982 DR Jullerup Færgeby
53%
1990 DR Jullerup Færgeby
53%
1997 DR1 Jullerup Færgeby
53%
2014 Rasj. Jullerup Færgeby
53%
1995 TV 2 Alletiders nisse
47%
2006 TV 2 Alletiders nisse
47%
2017 TV 2 Alletiders nisse
47%
2021 TV 2 Alletiders nisse
47%
2022 DR1 Julehjertets hemmelighed
47%
2012 DR1 Julestjerner
47%
2019 DR1 Julestjerner
47%
2003 DR2 Jul på Vesterbro
47%
2009 DR2 Jul på Vesterbro
47%
2013 DR2 Jul på Vesterbro
47%
2021 DR2 Jul på Vesterbro
47%
2022 DR2 Jul på Vesterbro
47%
1996 TV 2 Krummernes jul
47%
2001 TV 2 Krummernes jul
47%
2024 TV 2 Krummernes jul
47%
2000 TV 2 Pyrus i alletiders eventyr
41%
2010 TV 2 Pyrus i alletiders eventyr
41%
2019 TV 2 Pyrus i alletiders eventyr
41%
2022 TV 2 Pyrus i alletiders eventyr
41%
2022 TV 2 Tinka og sjælens spejl
41%
1997 TV 2 Alletiders julemand
35%
2007 TV 2 Alletiders julemand
35%
2014 TV 2 Alletiders julemand
35%
2018 TV 2 Alletiders julemand
35%
1998 TV 2 Brødrene Mortensens jul
35%
2002 TV 2 Brødrene Mortensens jul
35%
2021 TV 2 Kometernes jul
35%
2008 TV 2 Mikkel og guldkortet
35%
1989 DR Nissebanden i Grønland
35%
1993 DR Nissebanden i Grønland
35%
2002 DR1 Nissebanden i Grønland
35%
2011 DR1 Nissebanden i Grønland
35%
2016 Rasj. Nissebanden i Grønland
35%
2021 Rasj. Nissebanden i Grønland
35%
2003 DR1 Nissernes ø
24%
2008 DR1 Nissernes ø
24%
2017 Rasj. Nissernes ø
24%
2022 Rasj. Nissernes ø
24%
2017 DR1 Snefald
24%
2024 Rasj. Snefald
24%
2023 DR1 Det magiske tivoliteater
18%
1995 TV 2 Juletestamentet
18%
1999 TV 2 Juletestamentet
18%
2012 DR2 Jul i kommunen
18%
2007 DR1 Jul i Svinget
18%
2010 Rasj. Jul i Svinget
18%
1980 DR Jul og grønne skove
18%
1967 DR Kender du Decembervej?
18%
2010 DR1 Sebastians jul
18%
2014 Rasj. Sebastians jul
18%
1981 DR Torvet
18%
1987 DR Torvet
18%
2024 Echo 24 stjerners julekalender
12%
2025 Echo 24 stjerners julekalender
12%
1982 DR Avisen
12%
1990 DR Avisen
12%
1997 DR1 Avisen
12%
1988 DR Cirkus Julius
12%
1997 DR1 Den hemmelige tunnel
12%
1995 DR Hallo, det er jul!
12%
2000 DR1 Jul på Kronborg
12%
2004 DR1 Jul på Kronborg
12%
2015 Ultra JULTRA: Bubbers juleshow
12%
2016 Ultra JULTRA: Bubbers juleshow
12%
2014 Ultra JULTRA: Sofie og Bubbers jul
12%
2013 Ultra JULTRA: Store Nørdernes julekalender
12%
2017 Zulu Natholdets julekalender
12%
2019 Zulu Natholdets julekalender
12%
2020 Zulu Natholdets julekalender
12%
2021 Zulu Natholdets julekalender
12%
2025 Rasj. Troldetider
12%
2007 DR2 Yallahrup Færgeby
12%
2014 DR2 Yallahrup Færgeby
12%
1993 TV 2 Andersens julehemmelighed
6%
1998 TV 2 Andersens julehemmelighed
6%
2016 Charlie Andersens julehemmelighed
6%
2010 DR2 Bertelsen på Caminoen
6%
1968 DR Besøg på Decembervej
6%
1964 DR Bonus og Minus
6%
2001 TV 2 CWC / Canal Wild Card
6%
2003 TV 2 CWC World
6%
2005 Zulu CWC World
6%
2010 K. 5 Den unge Fleksnes
6%
1969 DR De to i ledvogterhuset
6%
1985 DR Eldorado for dyr
6%
2023 Rasj. En hæderlig jul
6%
1962 DR Historier fra hele verden
6%
2011 DR2 Hjælp, det er jul
6%
1971 DR Hos Ingrid og Lillebror
6%
2011 Rasj. Hotel Krølle på halen
6%
2016 Ultra Hotel Krølle på halen
6%
2019 Ultra Jagten på tidskrystallen
6%
2006 DR1 Julefandango
6%
2008 DR1 Julefandango
6%
1965 DR Juleteatret
6%
2004 DR2 Jul i den gamle kolbøttefabrik
6%
1990 TV 2 Jul i den gamle trædemølle
6%
1996 TV 2 Jul i den gamle trædemølle
6%
2009 TV 2 Jul i den gamle trædemølle
6%
2001 DR2 Jul i Hjemmeværnet
6%
1993 TV 2 Jul i Juleland
6%
2006 DR2 Jul i verdensrummet
6%
2018 Ultra Klassens perfekte jul
6%
2005 TV 2 Martin og Ketil - Jul for begyndere
6%
2006 TV 2 Martin og Ketil - Jul for begyndere
6%
2002 TVD2 Nisserne - Det endelige opgør
6%
1963 DR Nisserne Tim og Tam
6%
2015 Ultra Piratskatten
6%
2018 Rasj. Selmas saga
6%
1992 TV 2 Skibet i Skilteskoven
6%
2004 TV 2 Station 7-9-13
6%
2010 DR2 Steno og Stilling
6%
2019 Rasj. Storm på Stillevænget
6%
1966 DR Børnenes julekalender
0%
1978 DR Fru Pigalopp og Juleposten
0%
1997 TV 2 Gufol mysteriet
0%
1970 DR Hvad en møller kan komme ud for
0%
1977 DR Kikkebakke Boligby
0%
1985 DR Kikkebakke Boligby
0%
2007 TV 2 LasseMajas detektivbureau
0%
1972 DR Noget om nisser
0%
1999 TV 2 Olsen-Bandens første kup
0%
1990 TV 2 Trolderik og nisserne
0%
1991 TV 2 Trolderiks julekalender
0%
1992 TV 2 Trolderiks posthule
0%
1996 TV 3 Trolderiks posthule
0%
1975 DR Vumserne og juleforberedelser
0%
No matching quizzes found
Score Distribution
Percent of People with Each Score
Percentile by Number Answered
Your Score History
You have not taken this quiz since the last reset